000 00665cam a22001931 4500
082 0 0 _a616.89
_bFRE
_cL-29, P-58
100 1 _aFreud, Sigmund,
_937011
245 1 4 _aThe psychopathology of everyday life.
_cTranslated from the German by Alan Tyson. Edited with an introd. and additional notes by James Strachey.
260 _aNew York,
_bNorton
_c[1966, c1965]
300 _axiii, 310 p.
_c21 cm.
526 _a0
_b0
_c0
_d616_890000000000000_FRE
650 0 _aMCE
_9379
650 0 _aMemory.
_91778
650 0 _aParapraxis.
_940227
650 0 _aPsychoanalysis.
_911876
650 0 _aPsychology, Pathological.
_93179
700 1 _aStrachey, James,
942 _2ddc
_cBK
999 _c544569
_d544569